[Event "36. Münsterland Open"]
[Site "Münster"]
[Date "2018.10.13"]
[Round "3.5"]
[White "Holtel, Jasper"]
[Black "Eckert, Marius"]
[Result "1-0"]
[WhiteElo "2210"]
[BlackElo "1960"]
[PlyCount "81"]
[EventDate "2018.??.??"]
[WhiteTeam "SK Münster 32 e.V."]
[BlackTeam "Schachverein Waltrop 1922 e.V."]

1. e4 e5 2. Nf3 Nc6 3. Bc4 Nf6 4. d3 Be7 5. O-O d6 6. a4 Na5 7. Ba2 c5 8. c3
Nc6 9. Na3 O-O 10. Re1 Be6 11. Bxe6 fxe6 12. Nc4 Rb8 13. Bd2 b6 14. b4 cxb4 15.
cxb4 Nd7 16. b5 Nd4 17. Nxd4 exd4 18. Bb4 Ne5 19. Qb3 Qd7 20. Rac1 Rbc8 21. Rc2
Kh8 22. Rec1 Nxc4 23. Rxc4 d5 24. exd5 exd5 25. Rxc8 Rxc8 26. Rxc8+ Qxc8 27. g3
Bc5 28. Bxc5 Qxc5 29. Kg2 Kg8 30. Qd1 h6 31. h4 Kh7 32. Qe2 Qc3 33. g4 Qc7 34.
Qe6 Qc5 35. g5 hxg5 36. hxg5 Qf8 37. Kg3 Qd8 38. f4 Kh8 39. Kg4 Kh7 40. g6+ Kh8
41. Kg3 1-0

[Event "36. Münsterland Open"]
[Site "Münster"]
[Date "2018.10.13"]
[Round "3.6"]
[White "Köllner, Christof"]
[Black "Knudsen, Simon"]
[Result "1/2-1/2"]
[WhiteElo "2107"]
[BlackElo "2208"]
[PlyCount "78"]
[EventDate "2018.??.??"]
[WhiteTeam "Schachverein Bergneustadt/Dersch"]
[BlackTeam "Schachfreunde Brackel 1930 e.V."]

1. d4 g6 2. e4 Bg7 3. Nf3 d6 4. c3 Nf6 5. Bd3 O-O 6. O-O Nc6 7. Nbd2 e5 8. dxe5
dxe5 9. Nc4 Qe7 10. b4 a6 11. a4 Rd8 12. Qe2 Nh5 13. g3 Bg4 14. Rd1 Qf6 15. Kg2
Qe6 16. Ne3 Bh3+ 17. Kh1 h6 18. Ng1 Nf6 19. f3 h5 20. Bc4 Qc8 21. Rxd8+ Nxd8
22. Nxh3 Qxh3 23. Qg2 Qd7 24. Qd2 Qe8 25. Qa2 Bf8 26. Nd5 Nxd5 27. Bxd5 c6 28.
Bb3 Ne6 29. Be3 Rd8 30. Qe2 Rd6 31. Rd1 Qd8 32. Rxd6 Qxd6 33. Qd2 Qe7 34. Bxe6
Qxe6 35. Qd8 Qd6 36. Qxd6 Bxd6 37. Bb6 Kf8 38. Kg2 Ke7 39. Kf2 Kd7 1/2-1/2

[Event "36. Münsterland Open"]
[Site "Münster"]
[Date "2018.10.13"]
[Round "3.7"]
[White "Beutelhoff, Josef"]
[Black "Seegers, Hendrik"]
[Result "1/2-1/2"]
[WhiteElo "2084"]
[BlackElo "2163"]
[PlyCount "60"]
[EventDate "2018.??.??"]
[WhiteTeam "SF Olfen 1975"]
[BlackTeam "Schachklub Münster 32 e.V."]

1. d4 d5 2. c4 e6 3. Nc3 c6 4. e3 f5 5. a3 Nf6 6. f4 Be7 7. Nf3 O-O 8. b3 Ne4
9. Nxe4 dxe4 10. Ne5 Nd7 11. Nxd7 Bxd7 12. Be2 b6 13. O-O Qc7 14. b4 a5 15. Bd2
axb4 16. axb4 c5 17. Qb3 Bf6 18. Bc3 Rxa1 19. Bxa1 Ra8 20. Bc3 cxd4 21. exd4
Qa7 22. Qb2 Kf7 23. Ra1 Qxa1+ 24. Qxa1 Rxa1+ 25. Bxa1 Ba4 26. Kf2 g5 27. g3
gxf4 28. gxf4 Ke7 29. Ke3 Kd7 30. Bc3 Be7 1/2-1/2

[Event "36. Münsterland Open"]
[Site "Münster"]
[Date "2018.10.13"]
[Round "3.8"]
[White "Gerlach, Felix"]
[Black "Haselhorst, Helmut"]
[Result "0-1"]
[WhiteElo "2039"]
[BlackElo "2162"]
[PlyCount "84"]
[EventDate "2018.??.??"]
[WhiteTeam "Schachfreunde Brackel 1930 e.V."]
[BlackTeam "Schachclub Steinfurt 1996 e.V."]

1. e4 c6 2. d4 d5 3. e5 c5 4. dxc5 e6 5. a3 Bxc5 6. Bd3 Nc6 7. Nf3 Nge7 8. O-O
Ng6 9. Re1 O-O 10. b4 Be7 11. Bb2 Bd7 12. Nbd2 Qe8 13. c4 Nf4 14. Bc2 Rd8 15.
cxd5 exd5 16. Nf1 Bg4 17. Ne3 Qd7 18. b5 Na5 19. Qd4 Bxf3 20. Qxf4 Bh5 21. a4
d4 22. Nf5 Bc5 23. g4 Bg6 24. Rad1 Bxf5 25. Bxf5 Qd5 26. Rd3 Rfe8 27. Rh3 Nc4
28. Be4 Rxe5 29. Bxd5 Rxe1+ 30. Kg2 Rxd5 31. Qb8+ Bf8 32. Qxb7 Rd6 33. Rf3 f6
34. Qc7 Nxb2 35. Qc2 d3 36. Qb3+ Kh8 37. Qf7 Rd8 38. Rxf6 Ree8 39. Rf5 d2 40.
Rd5 d1=Q 41. Rxd1 Nxd1 42. h4 Bc5 0-1

[Event "36. Münsterland Open"]
[Site "Münster"]
[Date "2018.10.13"]
[Round "3.9"]
[White "Jungbluth, Michael"]
[Black "Steinle, Carsten"]
[Result "1-0"]
[WhiteElo "1955"]
[BlackElo "2140"]
[PlyCount "69"]
[EventDate "2018.??.??"]
[WhiteTeam "Schachverein Unser Fritz Wanne-E"]
[BlackTeam "SV Ahlen 1954 e.V."]

1. d4 Nf6 2. c4 e6 3. g3 Bb4+ 4. Bd2 Qe7 5. Bg2 Nc6 6. e3 O-O 7. Ne2 a5 8. Nbc3
e5 9. O-O d6 10. a3 Bxc3 11. Nxc3 Bg4 12. f3 Bd7 13. d5 Nb8 14. e4 Na6 15. Qc2
Rfc8 16. Be3 Rab8 17. Ba7 Ra8 18. Be3 Rcb8 19. Rfd1 Ne8 20. Rab1 Qf8 21. f4
exf4 22. gxf4 Qe7 23. Qf2 Nf6 24. Bd4 Re8 25. Re1 Ng4 26. Qg3 f6 27. Bf3 Nh6
28. Kh1 Qf7 29. Rg1 Re7 30. Qh4 Kf8 31. Rxg7 Kxg7 32. Rg1+ Ng4 33. Bxg4 Bxg4
34. Rxg4+ Kf8 35. Bxf6 1-0

[Event "36. Münsterland Open"]
[Site "Münster"]
[Date "2018.10.13"]
[Round "3.10"]
[White "Köllner, Ruben Gideon"]
[Black "Seref, Erdogan"]
[Result "1-0"]
[WhiteElo "2274"]
[BlackElo "1953"]
[PlyCount "33"]
[EventDate "2018.??.??"]
[WhiteTeam "Schachgesellschaft Bochum 1931"]
[BlackTeam "SF Brackel 1930 e.V."]

1. d4 Nf6 2. Bg5 d5 3. e3 e6 4. f4 Be7 5. Bxf6 Bxf6 6. Nf3 Nd7 7. Bd3 c5 8. c3
Be7 9. Nbd2 b6 10. Ne5 O-O 11. O-O Nf6 12. g4 Bb7 13. Qf3 Ne8 14. g5 g6 15. Qh3
a5 16. Rf3 Ba6 17. Qh6 1-0

[Event "36. Münsterland Open"]
[Site "Münster"]
[Date "2018.10.13"]
[Round "3.11"]
[White "Kehrel, Eike"]
[Black "Zaitsev, Mikhail"]
[Result "0-1"]
[WhiteElo "2036"]
[BlackElo "2481"]
[Annotator "Niermann,Rainer"]
[PlyCount "77"]
[EventDate "2018.??.??"]
[BlackTeam "Bochumer SV 02"]

1. c4 e5 2. Nc3 Nf6 3. g3 c6 4. d4 exd4 5. Qxd4 d5 6. Bg2 Be6 7. cxd5 cxd5 8.
Nf3 Nc6 9. Qa4 Bc5 10. O-O O-O 11. Qb5 Qb6 12. Qxb6 axb6 13. Ng5 Nd4 14. Bf4
Bb4 15. Nxe6 fxe6 16. Bf3 Rfc8 17. Rab1 Nxf3+ 18. exf3 Nd7 19. Be3 Ne5 20. f4
Nc4 21. Rfc1 d4 22. Bxd4 Nd2 23. Bxb6 Nxb1 24. Rxb1 Bxc3 25. bxc3 Rxc3 26. Bd4
Rd3 27. Be5 Rd7 28. Rb2 Ra5 29. Kg2 Kf7 30. h4 h5 31. Bc3 Rc5 32. Bb4 Rc4 33.
a3 Rd5 34. Re2 Kf6 35. Kf3 Kf5 36. Bf8 Rc3+ 37. Kg2 Rc7 38. Kf3 g6 39. Rb2 {
Restliche Züge leider nicht rekonstruierbar. Im 72. Zug:} 0-1

[Event "36. Münsterland Open"]
[Site "Münster"]
[Date "2018.10.13"]
[Round "3.19"]
[White "Hagenhoff, Georg"]
[Black "Sazanov, Nikolay E"]
[Result "0-1"]
[WhiteElo "1883"]
[BlackElo "2269"]
[PlyCount "60"]
[EventDate "2018.??.??"]
[WhiteTeam "LSV Turm Lippstadt"]
[BlackTeam "Schachclub Steinfurt 1996 e.V."]

1. b4 e6 2. Bb2 f5 3. Nf3 Nf6 4. b5 d5 5. e3 Bd6 6. c4 O-O 7. Qc2 c6 8. a4 Qe8
9. c5 Bc7 10. d4 Nbd7 11. Nbd2 Ne4 12. Be2 e5 13. O-O Nxd2 14. Qxd2 e4 15. Ne1
f4 16. Bg4 Qg6 17. f3 Qh6 18. g3 fxe3 19. Qg2 exf3 20. Nxf3 Nf6 21. Bxc8 Raxc8
22. Ne5 Ne4 23. Qe2 Nd2 24. Rxf8+ Rxf8 25. Qg4 Bxe5 26. h4 Bb8 27. Bc3 Nf3+ 28.
Kg2 e2 29. Be1 Qe3 30. Kh3 Qe4 0-1

[Event "36. Münsterland Open"]
[Site "Münster"]
[Date "2018.10.14"]
[Round "4.1"]
[White "Haselhorst, Helmut"]
[Black "Hausrath, Daniel"]
[Result "0-1"]
[WhiteElo "2162"]
[BlackElo "2495"]
[PlyCount "69"]
[EventDate "2018.??.??"]
[WhiteTeam "Schachclub Steinfurt 1996 e.V."]
[BlackTeam "SV Mülheim-Nord 1931 e"]

1. Nf3 Nf6 2. c4 Nc6 3. g3 e5 4. Bg2 g6 5. O-O Bg7 6. Nc3 O-O 7. d3 d6 8. Rb1
a5 9. a3 Nd4 10. b4 axb4 11. axb4 Re8 12. Ne1 h5 13. Nc2 h4 14. b5 Ne6 15. Bd2
Ng4 16. Nd5 f5 17. e3 Kf7 18. Bc3 Rh8 19. h3 Nf6 20. f4 hxg3 21. fxe5 dxe5 22.
Bxe5 Nxd5 23. Bxg7 Nxe3 24. Nxe3 Kxg7 25. Nd5 Qh4 26. Qe2 Qd4+ 27. Kh1 Bd7 28.
Rf4 Ra2 29. Qxa2 Nxf4 30. Nxf4 Qxf4 31. Qb2+ Kh7 32. Qf6 Qd6 33. Qf7+ Kh6 34.
Re1 Qd4 35. Re7 0-1

[Event "36. Münsterland Open"]
[Site "Münster"]
[Date "2018.10.14"]
[Round "4.3"]
[White "Zaitsev, Mikhail"]
[Black "Kaufhold, Thomas"]
[Result "1-0"]
[WhiteElo "2481"]
[BlackElo "2075"]
[PlyCount "69"]
[EventDate "2018.??.??"]
[WhiteTeam "Bochumer SV 02"]
[BlackTeam "Schachklub Münster 32 e.V."]

1. e4 e6 2. d3 d5 3. Nd2 Nf6 4. Ngf3 c5 5. g3 Nc6 6. Bg2 Be7 7. O-O O-O 8. Re1
Qc7 9. Qe2 Re8 10. e5 Nd7 11. Nf1 f6 12. exf6 Bxf6 13. Ne3 Nb6 14. c4 dxc4 15.
dxc4 Nd4 16. Nxd4 Bxd4 17. Nf5 Bf6 18. Qc2 Bd7 19. Bf4 e5 20. Bd2 Bc6 21. Be4
Rad8 22. Rad1 g6 23. Nh6+ Kg7 24. Be3 Nc8 25. Ng4 b6 26. h4 Rxd1 27. Rxd1 Nd6
28. Bd5 Bxd5 29. Rxd5 Nf5 30. Qa4 Re7 31. Nxf6 Kxf6 32. Bg5+ Ke6 33. Bxe7 Qxe7
34. Qc6+ Nd6 35. a3 1-0

[Event "36. Münsterland Open"]
[Site "Münster"]
[Date "2018.10.14"]
[Round "4.4"]
[White "Schulze, Ulrich"]
[Black "Gutkin, Ilya"]
[Result "1-0"]
[WhiteElo "2314"]
[BlackElo "2039"]
[PlyCount "85"]
[EventDate "2018.??.??"]
[WhiteTeam "Heilbronner SV"]
[BlackTeam "Krefelder Schachklub Turm 1851 e"]

1. d4 e6 2. Nf3 f5 3. c4 Nf6 4. Nc3 d5 5. Bf4 c6 6. e3 Bd6 7. Bd3 O-O 8. Qc2
Ne4 9. O-O b6 10. Ne2 Bb7 11. Rfd1 Qe7 12. a3 Nd7 13. b4 c5 14. Bxd6 Qxd6 15.
dxc5 bxc5 16. cxd5 exd5 17. bxc5 Ndxc5 18. Bc4 Qf6 19. Bb5 Rac8 20. Qa2 a6 21.
Bd3 Nxd3 22. Rxd3 Rc2 23. Qxc2 Qxa1+ 24. Qd1 Qa2 25. Nfd4 a5 26. Qb3 Qxb3 27.
Rxb3 Ba6 28. f3 Nd2 29. Rc3 Nc4 30. Nf4 Bb7 31. Rb3 Ba8 32. Nfe6 a4 33. Rb4 Rc8
34. Nxf5 Kf7 35. Nfd4 Nxa3 36. Rxa4 Nc2 37. Ra7+ Kf6 38. Nxc2 Rxc2 39. Nxg7 Bc6
40. Nh5+ Kg5 41. Nf4 Rc3 42. Rc7 Rc4 43. Rxh7 1-0

[Event "36. Münsterland Open"]
[Site "Münster"]
[Date "2018.10.14"]
[Round "4.5"]
[White "Seegers, Hendrik"]
[Black "Kemper, Georg"]
[Result "1/2-1/2"]
[WhiteElo "2163"]
[BlackElo "2004"]
[PlyCount "83"]
[EventDate "2018.??.??"]
[WhiteTeam "Schachklub Münster 32 e.V."]
[BlackTeam "Schach Nienberge 2003 e.V."]

1. d4 e6 2. Nf3 f5 3. Bf4 Nf6 4. e3 Be7 5. Be2 O-O 6. h3 b6 7. O-O Bb7 8. c4 d6
9. Nc3 Ne4 10. Rc1 Nxc3 11. Rxc3 Bf6 12. Rc1 Qe7 13. Bg3 Nd7 14. Qb3 Kh8 15.
Rfd1 g6 16. Qa3 Rfe8 17. Rd2 g5 18. Qa4 Rg8 19. Ne1 Qg7 20. Qd1 f4 21. Bh2 fxe3
22. fxe3 Rae8 23. Bf3 Bxf3 24. Qxf3 e5 25. Qg4 Re7 26. Bg3 Rge8 27. Nf3 exd4
28. exd4 Re4 29. Qh5 R8e7 30. c5 Bxd4+ 31. Rxd4 Rxd4 32. cxd6 Rxd6 33. Bxd6
cxd6 34. Rc8+ Nf8 35. Nxg5 Qd4+ 36. Kf1 Qd3+ 37. Kg1 Qd4+ 38. Kf1 Qd3+ 39. Kg1
Qe3+ 40. Kh1 Qe1+ 41. Kh2 Qe5+ 42. Kh1 1/2-1/2

[Event "36. Münsterland Open"]
[Site "Münster"]
[Date "2018.10.14"]
[Round "4.6"]
[White "Kammers, Heribert"]
[Black "Schroer, Klaus"]
[Result "1/2-1/2"]
[WhiteElo "2082"]
[BlackElo "2111"]
[PlyCount "80"]
[EventDate "2018.??.??"]
[WhiteTeam "Schachclub Hiltrup 86"]
[BlackTeam "Turnverein Borken 1922 e.V."]

1. Nf3 Nf6 2. b3 e6 3. Bb2 Be7 4. c4 b6 5. g3 Bb7 6. Bg2 O-O 7. O-O c5 8. d4
Qc7 9. Nc3 a6 10. Rc1 cxd4 11. Qxd4 Nc6 12. Qd3 d6 13. Nd5 Qd8 14. Nxe7+ Qxe7
15. Rfd1 Rfd8 16. Qe3 b5 17. Qb6 b4 18. Ne5 dxe5 19. Bxc6 Bxc6 20. Qxc6 Rdc8
21. Qb6 Qc5 22. Qxc5 Rxc5 23. f3 Kf8 24. Rd6 Ke7 25. Rcd1 Ra5 26. Rb6 Rd8 27.
Rxd8 Kxd8 28. Rxb4 Rxa2 29. Bxe5 Rxe2 30. Bxf6+ gxf6 31. Rb7 Ke8 32. b4 Kf8 33.
c5 Rc2 34. Rc7 Rc4 35. Rb7 Kg7 36. h4 f5 37. Rb6 a5 38. bxa5 Rxc5 39. a6 Ra5
40. Kf2 Ra3 1/2-1/2

[Event "36. Münsterland Open"]
[Site "Münster"]
[Date "2018.10.14"]
[Round "4.7"]
[White "Ballon, Guenther Jan"]
[Black "Beutelhoff, Josef"]
[Result "1-0"]
[WhiteElo "2077"]
[BlackElo "2084"]
[PlyCount "87"]
[EventDate "2018.??.??"]
[WhiteTeam "Niederlande"]
[BlackTeam "SF Olfen 1975"]
[WhiteTeamCountry "NED"]

1. d4 Nf6 2. c4 e6 3. Nc3 d5 4. Nf3 c6 5. Bg5 Be7 6. e3 Nbd7 7. Qc2 O-O 8. Bd3
b6 9. O-O Ba6 10. cxd5 Bxd3 11. Qxd3 exd5 12. Rfd1 Ne4 13. Bxe7 Qxe7 14. Rac1
Rac8 15. Rc2 Rfe8 16. Rdc1 Nxc3 17. Rxc3 Qd6 18. Qc2 Nb8 19. Qa4 Re7 20. b4
Rec7 21. h3 a6 22. Ne5 f6 23. Nd3 g6 24. Qb3 Kg7 25. a4 Nd7 26. a5 b5 27. Qc2
Nb8 28. Nc5 Re7 29. Qd2 Rcc7 30. Re1 Rc8 31. Rd3 Rcc7 32. f3 f5 33. Qc3 Kg8 34.
Rd2 Kf7 35. Rde2 Rc8 36. Kh1 Rce8 37. Qd3 Rd8 38. Qb3 Kg7 39. Kg1 Qf6 40. Qc3
Kg8 41. Nd3 Nd7 42. Rc1 Rc8 43. Nf4 Kg7 44. Nxd5 1-0

[Event "36. Münsterland Open"]
[Site "Münster"]
[Date "2018.10.14"]
[Round "4.8"]
[White "Steinle, Carsten"]
[Black "Sievert, Jan-Thorwald"]
[Result "1-0"]
[WhiteElo "2140"]
[BlackElo "2076"]
[PlyCount "63"]
[EventDate "2018.??.??"]
[WhiteTeam "SV Ahlen 1954 e.V."]
[BlackTeam "Schachvereinigung Hamm"]

1. Nf3 d6 2. e4 c5 3. g3 Nc6 4. Bg2 Nf6 5. d3 e6 6. b3 Rb8 7. Bb2 Be7 8. O-O b6
9. Nbd2 Bb7 10. h4 O-O 11. Ng5 h6 12. Nh3 Ne8 13. f4 Bf6 14. Bxf6 Qxf6 15. Nf3
Qc3 16. Rf2 f5 17. Rd2 Nd4 18. Nf2 Nf6 19. Rc1 Nxf3+ 20. Bxf3 e5 21. Kg2 exf4
22. gxf4 Rbe8 23. Re2 d5 24. e5 Ne4 25. Qe1 Qxe1 26. Rcxe1 Nc3 27. Rd2 Ba8 28.
Nd1 Nb5 29. c4 dxc4 30. Bxa8 Rxa8 31. dxc4 Nd4 32. Nc3 1-0

[Event "36. Münsterland Open"]
[Site "Münster"]
[Date "2018.10.14"]
[Round "4.9"]
[White "Starp, Klaus"]
[Black "Schröder, Wilfried"]
[Result "0-1"]
[WhiteElo "1984"]
[BlackElo "2211"]
[PlyCount "62"]
[EventDate "2018.??.??"]
[WhiteTeam "Schachverein Ahlen 1954 e.V."]
[BlackTeam "Schachverein Wattenscheid 1930 e"]

1. e4 c6 2. d4 d5 3. Nc3 dxe4 4. Nxe4 Nf6 5. Nxf6+ gxf6 6. Nf3 Bg4 7. Be2 e6 8.
c3 Bd6 9. Be3 Nd7 10. h3 Bh5 11. Qb3 Qc7 12. O-O-O O-O-O 13. g4 Bg6 14. Nh4 Be4
15. f3 Bf4 16. c4 Bg6 17. Nxg6 hxg6 18. Kb1 g5 19. Bf2 Rh6 20. h4 gxh4 21. Rxh4
Rxh4 22. Bxh4 Rh8 23. Be1 Rh2 24. Bd3 Be3 25. Be4 Qf4 26. Bg3 Qxg3 27. Qxe3 Qg2
28. Qb3 Nb6 29. Bc2 Qe2 30. d5 Nxc4 31. dxe6 fxe6 0-1

[Event "36. Münsterland Open"]
[Site "Münster"]
[Date "2018.10.14"]
[Round "4.10"]
[White "Stemmler, Fabian"]
[Black "Kummerow, Heiko"]
[Result "1/2-1/2"]
[WhiteElo "1968"]
[BlackElo "2162"]
[PlyCount "83"]
[EventDate "2018.??.??"]
[WhiteTeam "Schachfreunde Brackel 1930 e.V."]
[BlackTeam "Oberhausener Schachverein 1887 e"]

1. d4 Nf6 2. Bg5 Ne4 3. Bf4 d5 4. e3 c5 5. Nd2 Nf6 6. c3 e6 7. Ngf3 Nc6 8. Bd3
Be7 9. O-O O-O 10. Ne5 c4 11. Bc2 Nd7 12. Qh5 f5 13. Qe2 Ndxe5 14. Bxe5 Nxe5
15. dxe5 Qc7 16. f4 Bc5 17. Rfe1 Bd7 18. Nf3 b5 19. a3 a5 20. Nd4 b4 21. axb4
axb4 22. g4 Rxa1 23. Rxa1 b3 24. Bd1 Bxd4 25. exd4 fxg4 26. Qxg4 Bc8 27. Be2
Qf7 28. Kg2 Qxf4 29. Qxf4 Rxf4 30. Ra8 Rf8 31. Bg4 Kf7 32. Ra7+ Kg6 33. Re7 h5
34. Bxe6 Bxe6 35. Rxe6+ Kf5 36. Re7 g5 37. Ra7 Ke4 38. Ra1 Kd3 39. Rf1 Re8 40.
Rf2 Ke3 41. Kf1 Ke4 42. Re2+ 1/2-1/2

[Event "36. Münsterland Open"]
[Site "Münster"]
[Date "2018.10.15"]
[Round "5.1"]
[White "Hausrath, Daniel"]
[Black "Gschnitzer, Adrian"]
[Result "1/2-1/2"]
[WhiteElo "2495"]
[BlackElo "2363"]
[PlyCount "60"]
[EventDate "2018.??.??"]
[WhiteTeam "SV Mülheim-Nord 1931 e"]
[BlackTeam "SV 1947 Walldorf"]

1. Nf3 c5 2. c4 Nf6 3. g3 d5 4. cxd5 Nxd5 5. Bg2 Nc6 6. d4 cxd4 7. Nxd4 Ndb4 8.
Nxc6 Qxd1+ 9. Kxd1 Nxc6 10. Nc3 Bd7 11. Be3 g6 12. Rc1 Bg7 13. Kc2 Rc8 14. Rhd1
Bf5+ 15. Be4 Nd4+ 16. Bxd4 Bxe4+ 17. Kb3 Bxd4 18. Nxe4 Rxc1 19. Rxc1 O-O 20. e3
Bb6 21. Rd1 f5 22. Nc3 Kf7 23. Rd5 Ke6 24. Rb5 Rc8 25. a4 Rc5 26. Rb4 Kd6 27.
e4 Ba5 28. Rxb7 Bxc3 29. bxc3 fxe4 30. Rxa7 Rf5 1/2-1/2

[Event "36. Münsterland Open"]
[Site "Münster"]
[Date "2018.10.15"]
[Round "5.2"]
[White "Zaitsev, Mikhail"]
[Black "Holtel, Jasper"]
[Result "1-0"]
[WhiteElo "2481"]
[BlackElo "2210"]
[PlyCount "85"]
[EventDate "2018.??.??"]
[WhiteTeam "Bochumer SV 02"]
[BlackTeam "SK Münster 32 e.V."]

1. e4 c5 2. Nf3 d6 3. h3 Nf6 4. Bd3 Nc6 5. c3 d5 6. e5 Nd7 7. Bb5 Qc7 8. d4 a6
9. Be2 cxd4 10. cxd4 b5 11. Nc3 Nb6 12. Bd3 b4 13. Ne2 e6 14. O-O a5 15. b3 Ba6
16. Bxa6 Rxa6 17. Be3 Qb7 18. Rc1 Be7 19. Nf4 Nd7 20. h4 Na7 21. Nh2 Nb5 22.
Qg4 Rg8 23. h5 Nc3 24. a4 Rc6 25. Nf3 Qc7 26. g3 Nf8 27. Kg2 Qd7 28. Rc2 Ne4
29. Rxc6 Qxc6 30. Rc1 Qb7 31. Nd2 Nxd2 32. Bxd2 Qa6 33. Qd1 Bd8 34. Qc2 Rh8 35.
h6 g6 36. Nh3 Nd7 37. Bg5 Bxg5 38. Nxg5 Ke7 39. Qc7 Qb6 40. Qxb6 Nxb6 41. Rc7+
Nd7 42. Nxf7 g5 43. Nxh8 1-0

[Event "36. Münsterland Open"]
[Site "Münster"]
[Date "2018.10.15"]
[Round "5.3"]
[White "Ballon, Guenther Jan"]
[Black "Schulze, Ulrich"]
[Result "1/2-1/2"]
[WhiteElo "2077"]
[BlackElo "2314"]
[PlyCount "94"]
[EventDate "2018.??.??"]
[WhiteTeam "Niederlande"]
[BlackTeam "Heilbronner SV"]
[WhiteTeamCountry "NED"]

1. d4 Nf6 2. c4 g6 3. Nc3 d5 4. Bf4 Bg7 5. e3 c5 6. dxc5 Qa5 7. Qb3 Ne4 8. Qb5+
Qxb5 9. Nxb5 Na6 10. f3 Nexc5 11. O-O-O dxc4 12. Bxc4 Be6 13. Bxe6 Nxe6 14. Ne2
Nac5 15. Kb1 a6 16. Nc7+ Nxc7 17. Bxc7 Rc8 18. Ba5 O-O 19. Bc3 Rfd8 20. Bxg7
Kxg7 21. Nc3 b5 22. a3 e6 23. Kc2 f5 24. Rxd8 Rxd8 25. b4 Nb7 26. a4 bxa4 27.
Ra1 Kf6 28. Rxa4 Rd6 29. b5 axb5 30. Nxb5 Rc6+ 31. Nc3 Nd6 32. Kd3 g5 33. g3 h5
34. h4 Nf7 35. hxg5+ Kxg5 36. Ra5 Rd6+ 37. Ke2 Rb6 38. e4 Rc6 39. exf5 exf5 40.
Ne4+ Kg6 41. Nf2 Re6+ 42. Kf1 Ne5 43. Nh3 Nd3 44. Rd5 Re1+ 45. Kg2 Re2+ 46. Kf1
Re1+ 47. Kg2 Re2+ 1/2-1/2

[Event "36. Münsterland Open"]
[Site "Münster"]
[Date "2018.10.15"]
[Round "5.4"]
[White "Kruse, Janik"]
[Black "Köllner, Ruben Gideon"]
[Result "1-0"]
[WhiteElo "2102"]
[BlackElo "2274"]
[PlyCount "79"]
[EventDate "2018.??.??"]
[WhiteTeam "LSV Turm Lippstadt"]
[BlackTeam "Schachgesellschaft Bochum 1931"]

1. d4 d5 2. c4 e6 3. Nc3 Be7 4. cxd5 exd5 5. Bf4 c6 6. Qc2 Bd6 7. Bxd6 Qxd6 8.
e3 Qg6 9. Qxg6 hxg6 10. f3 Ne7 11. Bd3 Nd7 12. e4 Nb6 13. O-O-O Be6 14. Nge2 g5
15. h3 O-O-O 16. Rhe1 Rh4 17. b3 Rh6 18. Kb2 Ng6 19. exd5 Bxd5 20. Bxg6 Rxg6
21. Ng3 Be6 22. Nge4 Bf5 23. Ng3 Rf6 24. Re5 g6 25. d5 cxd5 26. Nxd5 Nxd5 27.
Rexd5 Rxd5 28. Rxd5 Kc7 29. Nxf5 gxf5 30. Kc3 Kc6 31. Re5 Kd6 32. Kd4 g4 33. f4
gxh3 34. gxh3 b6 35. h4 a6 36. h5 Kd7 37. b4 b5 38. Ke3 Kd6 39. Kf3 Kd7 40. Kg3
1-0

[Event "36. Münsterland Open"]
[Site "Münster"]
[Date "2018.10.15"]
[Round "5.5"]
[White "Günther, Lars"]
[Black "Kartsev, Soel"]
[Result "1-0"]
[WhiteElo "2083"]
[BlackElo "2253"]
[PlyCount "113"]
[EventDate "2018.??.??"]
[WhiteTeam "Uedemer Schachclub 1948 e.V."]
[BlackTeam "Schachfreunde Brackel 1930 e.V."]

1. e4 c5 2. Nc3 Nc6 3. g3 g6 4. Bg2 Bg7 5. d3 d6 6. Be3 h5 7. h3 Bd7 8. f4 Nd4
9. Qd2 e6 10. Nd1 h4 11. g4 Ne7 12. c3 Ndc6 13. Nf3 Qa5 14. O-O O-O-O 15. Rb1
Qxa2 16. Nf2 Qb3 17. Ra1 a6 18. Ra3 Qb5 19. Qc2 d5 20. e5 f6 21. c4 Nb4 22. Qe2
Qc6 23. Rc1 fxe5 24. cxd5 Nexd5 25. Rxc5 exf4 26. Rxc6+ Nxc6 27. Bc5 e5 28. Ne4
Be6 29. d4 Ne3 30. Rxe3 fxe3 31. Nd6+ Rxd6 32. Bxd6 exd4 33. Ng5 Bd7 34. Ne4
Rd8 35. Nc5 Be8 36. Bf4 Bf6 37. Be4 g5 38. Bf5+ Bd7 39. Bxd7+ Rxd7 40. Nxd7
Kxd7 41. Bh2 Be5 42. Qd3 Bxh2+ 43. Kxh2 Kd6 44. Kg1 Kd5 45. Qb3+ Kc5 46. Kf1 b5
47. Qc2+ Kd5 48. Qf5+ Ne5 49. Qxg5 a5 50. Ke2 a4 51. Qg8+ Ke4 52. Qh7+ Kd5 53.
Qb7+ Kc5 54. g5 b4 55. Qe7+ Kd5 56. g6 Ke4 57. Qxh4+ 1-0

[Event "36. Münsterland Open"]
[Site "Münster"]
[Date "2018.10.15"]
[Round "5.6"]
[White "Schröder, Wilfried"]
[Black "Köllner, Christof"]
[Result "0-1"]
[WhiteElo "2211"]
[BlackElo "2107"]
[PlyCount "64"]
[EventDate "2018.??.??"]
[WhiteTeam "Schachverein Wattenscheid 1930 e"]
[BlackTeam "Schachverein Bergneustadt/Dersch"]

1. d4 d6 2. g3 Nf6 3. Bg2 g6 4. c4 Bg7 5. Nc3 c6 6. Nf3 Bf5 7. O-O O-O 8. b3
Ne4 9. Bb2 Nxc3 10. Bxc3 Be4 11. Qd2 Nd7 12. Qe3 d5 13. Bh3 Bxf3 14. Qxf3 Nf6
15. Qd3 Ne4 16. Bb2 f5 17. Bg2 e6 18. e3 Rf7 19. f3 Nf6 20. Rae1 Rd7 21. c5 Re7
22. b4 Nd7 23. Qb3 b6 24. f4 bxc5 25. dxc5 Bxb2 26. Qxb2 Rb8 27. Qc3 Qf8 28. a3
Qg7 29. Rc1 Qxc3 30. Rxc3 Nf6 31. Rd1 a5 32. bxa5 Ra7 0-1

[Event "36. Münsterland Open"]
[Site "Münster"]
[Date "2018.10.15"]
[Round "5.7"]
[White "Knudsen, Simon"]
[Black "Kammers, Heribert"]
[Result "1-0"]
[WhiteElo "2208"]
[BlackElo "2082"]
[PlyCount "59"]
[EventDate "2018.??.??"]
[WhiteTeam "Schachfreunde Brackel 1930 e.V."]
[BlackTeam "Schachclub Hiltrup 86"]

1. e4 e6 2. d4 d5 3. Nd2 Nf6 4. e5 Nfd7 5. Bd3 c5 6. c3 Nc6 7. Ne2 cxd4 8. cxd4
f6 9. exf6 Nxf6 10. O-O Bd6 11. Nf3 Qc7 12. Nc3 a6 13. Bd2 O-O 14. Rc1 Ng4 15.
Bxh7+ Kh8 16. h3 Bf4 17. Bxf4 Qxf4 18. Bb1 Nh6 19. Qd3 Nf5 20. Ne2 Qh6 21. Ng3
e5 22. Nxe5 Nxg3 23. Qxg3 Nxd4 24. Ng6+ Kg8 25. Qd3 Nf3+ 26. gxf3 Bxh3 27.
Qxd5+ Rf7 28. Rc7 Bxf1 29. Qxf7+ Kh7 30. Kxf1 1-0

[Event "36. Münsterland Open"]
[Site "Münster"]
[Date "2018.10.15"]
[Round "5.8"]
[White "Althoff, Ralph"]
[Black "Seegers, Hendrik"]
[Result "1-0"]
[WhiteElo "2038"]
[BlackElo "2163"]
[PlyCount "39"]
[EventDate "2018.??.??"]
[WhiteTeam "SF Brackel 1930 e.V."]
[BlackTeam "Schachklub Münster 32 e.V."]

1. d4 d5 2. Bf4 e6 3. e3 Nf6 4. Nd2 Be7 5. Bd3 O-O 6. Ngf3 c5 7. c3 Qb6 8. Rb1
Bd7 9. Ne5 Bb5 10. Bc2 cxd4 11. exd4 a5 12. Qf3 a4 13. a3 Rc8 14. Qh3 h6 15. g4
Nc6 16. Be3 Qd8 17. g5 hxg5 18. Ng6 fxg6 19. Qxe6+ Kh7 20. h4 1-0

[Event "36. Münsterland Open"]
[Site "Münster"]
[Date "2018.10.15"]
[Round "5.9"]
[White "Schmidt, Alexander"]
[Black "Haselhorst, Helmut"]
[Result "1/2-1/2"]
[WhiteElo "2032"]
[BlackElo "2162"]
[PlyCount "60"]
[EventDate "2018.??.??"]
[WhiteTeam "Schachgemeinschaft Meiderich/Ruh"]
[BlackTeam "Schachclub Steinfurt 1996 e.V."]

1. e4 Nf6 2. Nc3 e5 3. Nf3 Nc6 4. Bb5 Bd6 5. O-O O-O 6. d3 h6 7. a3 Re8 8. h3
Bf8 9. Be3 d5 10. exd5 Nxd5 11. Nxd5 Qxd5 12. Bc4 Qd6 13. Re1 Bf5 14. Nd2 Rad8
15. Qf3 Qg6 16. Ne4 Nd4 17. Bxd4 Rxd4 18. Ng3 Bc8 19. Re4 Rxe4 20. dxe4 Rd8 21.
Rd1 Rd6 22. Rxd6 Bxd6 23. Nf5 Bxf5 24. Qxf5 Qxf5 25. exf5 Kf8 26. Kf1 Ke7 27.
Ke2 Kf6 28. Kf3 Kxf5 29. Bxf7 e4+ 30. Ke2 b6 1/2-1/2